MARC

LEADER 00000nam0a2200000 4500
001 350494
005 20231102010316.0
035 |a (RuTPU)RU\TPU\retro\4612 
035 |a RU\TPU\retro\4606 
090 |a 350494 
100 |a 20190205d1936 m y0rusy50 ca 
101 0 |a rus 
102 |a RU 
105 |a a z 000zy 
200 1 |a Севильский Цырюльник  |e опера в 3-х действиях  |f под ред. И. И. Ремезова; муз. Дж. Россини 
210 |a Москва  |c Государственный Академический Большой театр Союза ССР  |d 1936 
215 |a 80 с.  |c ил. 
316 |5 63413507: 153//666  |a На титульном листе штамп-экслибрис: "Обязательный экземпляр Сиб. Науч. Технич. Библиотеки" 
600 1 |a Россини  |b Дж.  |c итальянский композитор  |f 1792-1868  |g Джоаккино  |2 stltpush  |3 (RuTPU)RU\TPU\pers\13402  |9 4057 
600 1 |a Бомарше  |b П. О.  |g Пьер Огюстен  |c французский драматург  |f 1732-1799  |2 stltpush  |3 (RuTPU)RU\TPU\pers\4503 
606 1 |a Опера  |x Либретто  |2 stltpush  |3 (RuTPU)RU\TPU\subj\47028  |9 66096 
610 1 |a оперные спектакли 
610 1 |a оперный театр 
610 1 |a оперное творчество 
610 1 |a артисты 
610 1 |a действия 
610 1 |a 18 век 
610 1 |a 19 век 
610 1 |a итальянская опера 
610 1 |a французская литература 
675 |a 782  |v 3 
702 1 |a Ремезов  |b И. И.  |4 340 
702 1 |a Россини  |b Дж.  |c итальянский композитор  |f 1792-1868  |g Джоаккино  |2 stltpush  |3 (RuTPU)RU\TPU\pers\13402  |4 230  |9 4057 
801 1 |a RU  |b 63413507  |c 20190205 
801 2 |a RU  |b 63413507  |c 20190212  |g RCR 
942 |c BK